000 00556nam a2200229Ia 4500
003 OSt
005 20220918173645.0
006 a|||||r|||| 00| 0
007 ta
008 220917b |||||||| |||| 00| 0 eng d
024 _a7,576
037 _cTextual
040 _aARTS
_cARTS
_beng
041 _2eng
_aeng
082 _a4:r, N3
245 0 _aEconomist
_b style guide
260 _aLondon
_bHamish Hamilton
_c1993
300 _a139p.
_ccm.
650 _aJOUNRALISM
_93876
942 _h4:r, N3
_cTEXL
_2CC
999 _c149445
_d149445